书目信息 |
| 题名: |
图说《三国演义》
|
|
| 作者: | 王树村 著 | |
| 分册: | ||
| 出版信息: | 天津 百花文艺出版社 2007.01 |
|
| 页数: | 189页 | |
| 开本: | 24cm | |
| 丛书名: | ||
| 单 册: | ||
| 中图分类: | I207.413 | |
| 科图分类: | ||
| 主题词: | 《三国演义》研究--《san guo yan yi》yan jiu | |
| 电子资源: | ||
| ISBN: | 978-7-5306-4611-3 | |
| 000 | 00873nam0 2200241 450 | |
| 001 | 012008743109 | |
| 005 | 20080508080456.39 | |
| 010 | @a978-7-5306-4611-3@dCNY31.00 | |
| 100 | @a20080507d2007 em y0chiy0120 ea | |
| 101 | 0 | @achi |
| 102 | @aCN@b120000 | |
| 105 | @aa z 000yy | |
| 106 | @ar | |
| 200 | 1 | @a图说《三国演义》@Atu shuo《san guo yan yi》@e民间珍品遗产之一@f王树村著@Fwang shu cun zhu |
| 210 | @a天津@c百花文艺出版社@d2007.01 | |
| 215 | @a189页@c图 (部分彩图)@d24cm | |
| 330 | @a本书作者系考证三国历史的权威专家。全书以大量图文为依据,条分缕析《三国演义》,使读者能够正确认识三国真实的历史。 | |
| 517 | 1 | @a民间珍品遗产之一@Amin jian zhen pin yi chan zhi yi |
| 606 | 0 | @a《三国演义》研究@A《san guo yan yi》yan jiu |
| 690 | @aI207.413@v4 | |
| 701 | 0 | @a王树村@Awang shu cun@4著 |
| 801 | 0 | @aCN@bQSSK@c20080508 |
| 905 | @b705427-29@dI207.413@eW350@f3 | |
| 图说《三国演义》:民间珍品遗产之一/王树村著.-天津:百花文艺出版社,2007.01 |
| 189页:图 (部分彩图);24cm |
| ISBN 978-7-5306-4611-3:CNY31.00 |
| 本书作者系考证三国历史的权威专家。全书以大量图文为依据,条分缕析《三国演义》,使读者能够正确认识三国真实的历史。 |
| ● |
| 相关链接 |
|
|
|
正题名:图说《三国演义》
索取号:I207.413/W350
 
预约/预借
| 序号 | 登录号 | 条形码 | 馆藏地/架位号 | 状态 | 备注 |
| 1 | 705427 | 207054275 | 文学库108/108文学库 10排1列3层/ [索取号:I207.413/W350] | 在馆 | |
| 2 | 705428 | 207054284 | 社科二线400B/400B社科库 11排3列4层/ [索取号:I207.413/W350] | 在馆 | |
| 3 | 705429 | 207054293 | 文学库108/108文学库 10排1列3层/ [索取号:I207.413/W350] | 在馆 |